000 00646nam a2200217Ii 4500
003 JO-AjNU
008 230606s9999||||xx |||||||||||||| ||und||
020 _a0-415-07864-4
040 _aJO-AjNU
_beng
_erda
_cJO-AjNU
041 _aeng
050 1 4 _aHF5661.J62 1992
100 3 _aJohnson,Harry / Whittam,Austin,
_eauthor
_93303
245 0 2 _aA Practical Foundation in Accounting
250 _a4th ed
264 3 1 _aLondon,New York: Routledge,1992
300 _a595p
_b Includes indexes(p591-595)
336 _atext
_btxt
_2rdacontent
337 _aunmediated
_bn
_2rdamedia
338 _avolume
_bnc
_2rdacarrier
650 4 _aAccounting
_93304
999 _aE1727
_c1727
_d1727